Gawanta Namo Ki Kahani (Record no. 576685)

000 -LEADER
fixed length control field 00251nam a22001097a 4500
082 ## - DEWEY DECIMAL CLASSIFICATION NUMBER
Classification number 923.2 ABD
100 ## - MAIN ENTRY--PERSONAL NAME
Personal name mullah abdul salam zaeef
9 (RLIN) 69360
245 ## - TITLE STATEMENT
Title Gawanta Namo Ki Kahani
260 ## - PUBLICATION, DISTRIBUTION, ETC.
Place of publication, distribution, etc. LAHORE
Name of publisher, distributor, etc. TATAB DOST
Date of publication, distribution, etc. 2007
300 ## - PHYSICAL DESCRIPTION
Extent 96P
942 ## - ADDED ENTRY ELEMENTS (KOHA)
Koha item type Book
Holdings
Withdrawn status Lost status Damaged status Not for loan Permanent Location Current Location Shelving location Date acquired Total Checkouts Full call number Barcode Date last seen Price effective from Koha item type
        College of Electrical & Mechanical Engineering (CEME) College of Electrical & Mechanical Engineering (CEME) General Stacks 11/20/2019   923.2 ABD CEME-43475 06/28/2021 06/28/2021 Book
© 2023 Central Library, National University of Sciences and Technology. All Rights Reserved.